[Event "Popayan Yeika op 1st"]
[Site "Popayan"]
[Date "2024.10.14"]
[Round "7"]
[White "Daza Romero, Juan Fernando"]
[Black "Rodriguez Silva, Luciana"]
[Result "1/2-1/2"]
[WhiteElo "1505"]
[BlackElo "1400"]
[PlyCount "112"]
[EventDate "2024.10.11"]
[EventType "swiss"]
[EventRounds "7"]
[EventCountry "COL"]
[SourceTitle "CB43_2024"]
[Source "Chessbase"]
[SourceDate "2024.10.23"]
[SourceVersion "1"]
[SourceVersionDate "2024.10.23"]
[SourceQuality "1"]

1. e4 e5 2. Nf3 Nf6 3. Nc3 Nc6 4. Bc4 Bc5 5. 0-0 Ng4 6. Qe2 Qf6 7. a3 Qh6 8. h3 Bxf2+ 9. Kh1 Qf4 10. hxg4 Qh6+ 11. Nh2 Qf6 12. Qxf2 Qxf2 13. Rxf2 Nd4 14. d3 d6 15. Bxf7+ Kf8 16. Be6+ Ke8 17. Bxc8 Rxc8 18. Be3 Rf8 19. Rxf8+ Kxf8 20. Bxd4 exd4 21. Rf1+ Ke8 22. Ne2 c5 23. g5 b5 24. Nf4 Rb8 25. Ne6 b4 26. a4 b3 27. cxb3 Rxb3 28. Rb1 Rxd3 29. Kg1 Re3 30. Nc7+ Kd7 31. Nb5 Rxe4 32. Nxa7 d3 33. a5 d2 34. Rd1 Re1+ 35. Kf2 Rxd1 36. Ke2 Rh1 37. Kxd2 Rxh2 38. Kc3 Rxg2 39. a6 Rxg5 40. Kc4 d5+ 41. Kb5 c4 42. Kb6 d4 43. Nb5 Rg6+ 44. Kb7 Rg5 45. Nxd4 Ra5 46. a7 h5 47. a8Q Rxa8 48. Kxa8 Kd6 49. Nf5+ Ke6 50. Nxg7+ Kf6 51. Nxh5+ Ke5 52. Ng3 Kd4 53. Ne2+ Kd3 54. b3 cxb3 55. Nc1+ Kc2 56. Nxb3 Kxb3 1/2-1/2

[Event "Popayan Yeika op 1st"]
[Site "Popayan"]
[Date "2024.10.13"]
[Round "5"]
[White "Samboni Giron, Luisa Fernanda"]
[Black "Rodriguez Silva, Luciana"]
[Result "1-0"]
[WhiteElo "1417"]
[BlackElo "1400"]
[PlyCount "91"]
[EventDate "2024.10.11"]
[EventType "swiss"]
[EventRounds "7"]
[EventCountry "COL"]
[SourceTitle "CB43_2024"]
[Source "Chessbase"]
[SourceDate "2024.10.23"]
[SourceVersion "1"]
[SourceVersionDate "2024.10.23"]
[SourceQuality "1"]

1. d4 d5 2. Nf3 Nc6 3. g3 Nf6 4. Bg2 e6 5. 0-0 Be7 6. Bf4 0-0 7. Nc3 h6 8. Re1 Ne4 9. Nxe4 dxe4 10. Ne5 Qxd4 11. Qxd4 Nxd4 12. Bxe4 f6 13. Ng6 Re8 14. Nxe7+ Rxe7 15. Rad1 e5 16. Be3 f5 17. Bd5+ Kh8 18. Bxd4 exd4 19. Rxd4 Be6 20. Bxb7 Rb8 21. Bd5 Bxd5 22. Rxd5 Rxb2 23. Rxf5 Rxc2 24. a4 g6 25. Rf8+ Kg7 26. Rc8 c5 27. Kg2 c4 28. e3 Rb7 29. Rd1 c3 30. Rd3 Rd2 31. Rdxc3 Rbb2 32. R3c7+ Kf6 33. Rf8+ Ke6 34. Rxa7 Rxf2+ 35. Rxf2 Rxf2+ 36. Kxf2 g5 37. Ra6+ Kf5 38. Rxh6 Ke5 39. a5 Kd5 40. a6 Kc5 41. a7 Kb4 42. a8Q Kc3 43. Rd6 Kc4 44. Qc8+ Kb3 45. Rb6+ Ka3 46. Qa8# 1-0